00416 2200157 4500001002100000005001500021035002000036245008400056100001000140300002600150260002600176082000800202084001400210020002200224990001200246INLIS00000000000184020250508012722 a0010-05250001321 aSeni Pemrograman Aplikasi Treme :bCoding Menggunakan Visual Basic /cA.M.Hirin0 aHirin a152 hlm ;c14 x 21 cm bDSI Publishing,c2008 a600 a600 HIR s a978-979-25718-6-8 a0754764